00841nam a2200253Ia 4500003000400000005001700004008004100021020002200062040000700084041000800091082002200099100002900121245004300150260005300193300001600246365001700262440004700279650002100326650002400347906004500371942001200416999001900428952014000447OSt20230525154822.0210423s2013 xx 000 0 und d a978-0-521-44922-9 cAL aeng a401.93 223bLUSC aLUST (Barbara C)9114178 aChild Language: acquisition and growth aUnited kingdombCambridge University Pressc2013 axix,389bPB b3691.45cGBP aCambridge textbooks in linguistics9114179 aLanguage9114180 aLinguistics9114181 aacquisition ; Child ; growth ; Language: 2ddccBK c167376d167376 001040708MAENGaSACPGbSACPGd2015-11-21eBiblios Book Pointg3691.45l0o401.93 LUSCpPG013877r2022-08-24 00:00:00w2021-04-26yBK